000 00616nam a2200289Ia 4500
005 20260401122431.0
008 008 250103s9999 xx 000 0 eng d
020 _a9781420945423
037 _aTB
040 _aEDL
040 _beng
040 _cEDL
041 _2eng
041 _aeng
084 _a822.3 MID
084 _qEDL
100 _aMiddleton, Thomas
_91232629
245 0 _aChangeling
245 0 _cMiddleton, Thomas
260 _bDigireads.com
260 _c2012
300 _a68p
942 _cTB
942 _h822.3 MID
999 _c1847241
_d1847241